Daň z nehnuteľností v Slovenskej republike - skrytá daň z príjmov právnických osôb?

Skryté zdanenie právnických osôb. Aký je vzťah medzi daňami z nehnuteľného majetku a právnickými osobami. Dane z nehnuteľností v EÚ (v percentách/HDP). Podiel daňovníkov - fyzických a právnických osôb - na výbere dani z nehnuteľností vo vybraných mestách (2012).

Salvato in:
Dettagli Bibliografici
Autore principale: Geško, Martin
Natura: Capitolo di libro
Lingua:slovacco
Soggetti:
Tags: Aggiungi Tag
Nessun Tag, puoi essere il primo ad aggiungerne!!

MARC

LEADER 00000nla a2200000 4500
001 0183206
005 20240502073131.1
041 0 |a slo 
044 |a SK 
245 1 0 |a Daň z nehnuteľností v Slovenskej republike - skrytá daň z príjmov právnických osôb?  |c Martin Geško 
520 |a Skryté zdanenie právnických osôb. Aký je vzťah medzi daňami z nehnuteľného majetku a právnickými osobami. Dane z nehnuteľností v EÚ (v percentách/HDP). Podiel daňovníkov - fyzických a právnických osôb - na výbere dani z nehnuteľností vo vybraných mestách (2012). 
610 2 0 |a dane z príjmov 
610 2 0 |a dane z nehnuteľností 
610 2 0 |a dane korporatívne 
610 2 0 |a osoby právnické 
100 1 |a Geško, Martin